LEADER 01279nam 2200325 n 450 001 996383733403316 005 20221108064955.0 035 $a(CKB)1000000000593482 035 $a(EEBO)2264214213 035 $a(UnM)9958705600971 035 $a(EXLCZ)991000000000593482 100 $a19951030d1688 uh 101 0 $aeng 135 $aurbn||||a|bb| 200 14$aThe declaration of the Lords Spiritual and Temporal, in and about the cities of London and Westminster, assembled at Guildhal, 11 Dec. 1688$b[electronic resource] 210 $a[London] $cIn the Savoy: printed by Edward Jones$dMDCLXXXVIII. [1688] 215 $a1 sheet ([1] p.) 300 $aReproduction of original in Bristol Public Library, Bristol England. 330 $aeebo-0018 607 $aGreat Britain$xHistory$yJames II, 1685-1688$vSources 608 $aBroadsides$zEngland$zLondon$y17th century$2rbgenr 701 $aWilliam$cKing of England,$f1650-1702.$01000870 801 0$bCu-RivES 801 1$bCu-RivES 801 2$bCStRLIN 801 2$bCu-RivES 906 $aBOOK 912 $a996383733403316 996 $aThe declaration of the Lords Spiritual and Temporal, in and about the cities of London and Westminster, assembled at Guildhal, 11 Dec. 1688$92324838 997 $aUNISA LEADER 02096nas 2200661-a 450 001 996207254103316 005 20240413023913.0 011 $a1476-3524 035 $a(CKB)110978984564969 035 $a(CONSER)---00243188- 035 $a(DE-599)ZDB2074876-0 035 $a(EXLCZ)99110978984564969 100 $a20000207a19999999 --- - 101 0 $aeng 181 $ctxt$2rdacontent 182 $cc$2rdamedia 183 $acr$2rdacarrier 200 00$aNeurotoxicity research 210 $a[Amsterdam?] $cHarwood Academic Publishers 210 2 $aMountain House, TN $cF.P. Graham Pub. Co 210 3 $aNew York $cSpringer 215 $a1 online resource 300 $aSome issues also have theme titles. 300 $aImprint varies. 300 $a"Neurodegeneration, neuroregeneration, neurotrophic action, neuroprotection."--<2003-> 300 $aRefereed/Peer-reviewed 311 $aPrint version: Neurotoxicity research. (DLC) 00243188 (OCoLC)43912794 1029-8428 606 $aNeurotoxicology$vPeriodicals 606 $aToxicology$vPeriodicals 606 $aNeurotoxic agents$vPeriodicals 606 $aNervous system$xDegeneration$vPeriodicals 606 $aNervous system$xRegeneration$vPeriodicals 606 $aNeurosciences$vPeriodicals 606 $aNeurons$xdrug effects 606 $aApoptosis 606 $aCytoprotection 606 $aNerve Degeneration 606 $aNerve Regeneration 606 $aNeurotoxins 608 $aPeriodical. 615 0$aNeurotoxicology 615 0$aToxicology 615 0$aNeurotoxic agents 615 0$aNervous system$xDegeneration 615 0$aNervous system$xRegeneration 615 0$aNeurosciences 615 12$aNeurons$xdrug effects. 615 22$aApoptosis. 615 22$aCytoprotection. 615 22$aNerve Degeneration. 615 22$aNerve Regeneration. 615 22$aNeurotoxins. 712 02$aNeurotoxicity Society. 906 $aJOURNAL 912 $a996207254103316 920 $aexl_impl conversion 996 $aNeurotoxicity research$92092372 997 $aUNISA